| 000 | 00926nam a22002297a 4500 | ||
|---|---|---|---|
| 999 |
_c7685 _d7685 |
||
| 003 | AR-CdUCM | ||
| 008 | 190321b ||||| |||| 00| 0 spa d | ||
| 040 |
_aMUNICIPALIDAD PROVINCIAL DEL CUSCO _cBIBLIOTECA MUNICIPAL DEL CUSCO |
||
| 041 | _heng | ||
| 082 |
_21ed. (2da. impresión) _a624.15 / _bN72 |
||
| 100 |
_aNichols, Jr. Herbert L. _921694 |
||
| 245 |
_aMovimientos de tierras : _bmanuales de excavaciones / |
||
| 260 |
_aMéxico D. F. : _bContinental, _c1969. |
||
| 300 |
_a1111 páginas ; _bilustraciones, figuras, planos, tablas, gráficos, _c29 cm. |
||
| 505 | _aContenido: Desmonte -- Levantamientos topográficos y medidas -- Tierra y lodo -- Sótanos -- Construcción de zanjas y desagües -- Estanques ... | ||
| 650 |
_aExcavaciones _917079 |
||
| 650 |
_aPerforaciones _921695 |
||
| 650 |
_aMaquinarias pesada _921696 |
||
| 700 |
_aLepe, José Luis (traducción) _921697 |
||
| 942 |
_2ddc _cLIBROS |
||
| 945 | _aachl | ||